000
00287nam a2200121Ia 4500
008
190216s9999||||xx |||||||||||||| ||und||
100
_a
Khanna.M.L
245
0
_a
Co-Ordinate Solid Geometry
260
_b
Jaiprakash Nath &co
_c
1979
300
_a
398
650
_a
Mathematics
942
_c
BK
999
_c
30582
_d
30582